00390nam a2200145 a 4500020001800000082001300018100001600031245003900047260003800086300000900124500003500133505003700168650002300205700001600228 a0853640 00a261bDRA aDrane, John aCultural Change and Biblical Faith aCarlislebPaternoster Pressc2000 a182p aincludes index and biblioraphy2 aAppendix, Glossary, Bibliography aChristian-Theology1 aDrane, John